000 00384pab a2200145 454500
008 180718b1988 xxu||||| |||| 00| 0 eng d
100 _aDeva Sahayam, M.B
245 _aAged females
_bThe most deprived among the deprived
260 _c1988
300 _a261-9
362 _aJul.
650 _aOldage - India - Tamil Nadu
773 _aIndian Journal of Social Work
909 _a14383
999 _c14383
_d14383